Hồ Chí Minh qua phong cách văn chương chính luận của Phạm Văn Đồng /

محفوظ في:
التفاصيل البيبلوغرافية
المؤلف الرئيسي: Trường Lưu.
التنسيق: مقال
اللغة:Vietnamese
الموضوعات:
الوسوم: إضافة وسم
لا توجد وسوم, كن أول من يضع وسما على هذه التسجيلة!
Thư viện lưu trữ: Thư viện Trường Đại học Đà Lạt
LEADER 00871nam a2200289 4500
001 DLU110129052
005 ##20111213
040 # # |a DLU  |b vie 
041 # # |a vie 
044 # # |a vn 
100 # # |a Trường Lưu. 
245 # # |a Hồ Chí Minh qua phong cách văn chương chính luận của Phạm Văn Đồng /  |c Trường Lưu. 
653 # # |a Hình tượng văn học 
653 # # |a Hồ Chí Minh, 1890-1969 
653 # # |a Phạm Văn Đồng, 1906-2000 
653 # # |a Truyền thống dân tộc 
653 # # |a Văn chính luận 
773 # # |t Nhà văn  |g Số 5, 2009, tr. 23-35 
920 # # |a Phòng Tạp chí -- Trung tâm Thông tin - Thư viện Trường Đại học Đà Lạt 
994 # # |a DLU 
900 # # |a True 
911 # # |a Nguyễn Thị Linh Chi 
925 # # |a G 
926 # # |a A 
927 # # |a BB 
980 # # |a Thư viện Trường Đại học Đà Lạt